000 00761cam a22002531 4500
001 8837677
003 SEKU
005 20140825161337.0
008 770409s1952 nyua 000 0 eng
010 _a 51013586
035 _a(OCoLC)2872730
040 _aDLC
_cODa
_dOCoLC
_dDLC
_dSEKU
_beng
042 _apremarc
050 0 0 _aQD453
_b.H28 1952
082 _a541
100 1 _aHammett, Louis P.
_q(Louis Plack),
_d1894-1987.
245 0 0 _aIntroduction to the study of physical chemistry /
250 _a1st ed.
260 _aNew York :
_bMcGraw-Hill,
_c1952.
300 _a427 p. :
_billus. ;
_c24 cm.
440 0 _aInternational chemical series
650 0 _aChemistry, Physical and theoretical.
942 _2lcc
_cGEN
_hQD453
_i.H28 1952
999 _c1814
_d1814